00970nam a2200217Ia 450000500170000000800410001702000180005804000720007604100080014810000260015624502630018226000350044530000490048049000250052965000450055465000260059965000190062565000250064470000290066971000540069820240222150818.0130821s2005 sp ab gr spa  a84 86684 33 1 aCo-BoUCMbspacDavid Moreno (modificó)dDavid Moreno (modificó)00aspa1 aSuris, José María10aGestión medioambiental en la industria bclaves para hacer sostenible y rentable la gestión medioambiental en la industriacJosé M. Suris ; prólogo de Valero López Villalba ; con la colaboración del Parque Tecnológico de Reciclado López Soria aBarcelona, ESbICG Margec2005 a247 Páginasbilustraciones, mapas, cuadros 0aColección Gestiona17aConservación de los recursos naturales17aDesarrollo sostenible17aMedio ambiente17aPolítica ambiental1 aLópez Villalba, Valero1 aParque Tecnológico de Reciclado López Soriano